000 00548cam a2200145 4500500
005 20260208002352.0
041 _afre
042 _adc
100 1 0 _aToffin, Gérard
_eauthor
245 0 0 _aVéronique Bouillier & Gilles Tarabout, eds, Images du corps dans le monde hindou, Paris, CNRS Éd., 2002, 511 p., bibl., carte, ill.
260 _c2005.
500 _a11
786 0 _nL'Homme | 175-176 | 3 | 2005-07-01 | p. 475v-572v | 0439-4216
856 4 1 _uhttps://shs.cairn.info/revue-l-homme-2005-3-page-475v?lang=fr&redirect-ssocas=7080
999 _c1645990
_d1645990